Sports Quiz

Random Sports Quiz

Arsene Wenger's most used players Quiz Stats

 Plays Quiz not verified by Sporcle

Score 0/20 Timer 10:00
1 Play Today
Apps Player % Correct
373Thierry Henry
98.3%
356Dennis Bergkamp
87.1%
283Robert Pires
82.8%
303Cesc Fabregas
78.7%
382Patrick Vieira
76.8%
278Robin Van Persie
74%
329Aaron Ramsey
72.6%
397Theo Walcott
71.4%
324Laurent Koscielny
68.6%
324Freddie Ljungberg
63.8%
Apps Player % Correct
248Martin Keown
61.4%
243Gilberto Silva
60.4%
241Lauren
58.4%
327Kolo Toure
57.9%
298Ray Parlour
57.4%
264Gael Clichy
47.3%
253Olivier Giroud
47%
284Bacary Sagna
42.7%
246Tomas Rosicky
32.8%
246Mathieu Flamini
27.6%

You're not logged in!

Compare scores with friends on all Sporcle quizzes.
OR
Log In

Sporcle TV

Today on Sporcle TV


Watch our educational content, quiz creation guides, and fun videos on Sporcle TV.

Show Comments

Extras

Created Apr 20, 2018ReportNominate
Tags:app, Arsenal, Arsene Wenger, player, wenger

Top Quizzes Today


Score Distribution

Your Account Isn't Verified!

In order to create a playlist on Sporcle, you need to verify the email address you used during registration. Go to your Sporcle Settings to finish the process.

Report this User

Report this user for behavior that violates our Community Guidelines.

Details: